000 00652nam a2200229Ia 4500
003 OSt
005 20220926033851.0
006 a|||||r|||| 00| 0
007 ta
008 220923b |||||||| |||| 00| 0 eng d
037 _cGeneral Book
040 _aRTL
_cRTL
_beng
041 _2eng
_aeng
082 _aQ:1.2, L2
100 _aFausboll V
245 0 _aIndian mythology
_b According to Mahabharata in outline
260 _aVaranasi
_bBhartiya Vidya Prakashan India
_c1972
300 _axxxii,206p. Appendixp. 189-93
_ccm.
650 _aReligion
942 _hQ:1.2, L2
_cGB
_2CC
999 _c658134
_d658134